|
|
แสดงรายละเอียดบรรณานุกรม |
|
|
Brief Record
: Get Marc (ISO 2709)
: E-mail record
: |
| LEADER 00000nama 2200000uu 4500 | |||
| 008 040531s2538 th m m a000 0 tha d | |||
| 020 974-776-006-1 | |||
| 041 tha | |||
| 050 WI113 บ639ค | |||
| 100 บุปผา ขันแข็ง | |||
| 245 คู่มือการเรียนรู้ด้วยตนเองสำหรับบุคลากรทางสุขภาพเรื่องการดูแลผู้ป่วยที่มีปัญหาเกี่ยวกับระบบทางเดินอาหาร/โดยบุปผา ขันแข็ง 001 | |||
| 260 นนทบุรี สถาบันพัฒนากำลังคนด้านสาธารณสุข 2538 | |||
| 300 138 หน้า | |||
| 650 กระเพาะอาหารและลำไส้,ระบบ--การดูแล สถาบันพัฒนากำลังคนด้านสาธารณสุขชื่อเรื่อง | |||
| 998 1998-12-14 | |||
| คุณยังไม่ได้ล็อกอิน คุณสามารถมีกิจกรรมร่วมกับเว็บไซต์ได้ แต่ต้องล็อกอินก่อน :: |
|
| สถานะ | |||||||||
| 1. | หนังสือทั่วไป | WI113 บ639ค 2538 | On Shelf ขอยืม | ||||||
| 2. | หนังสือทั่วไป | WI113 บ639ค 2538 | On Shelf ขอยืม | ||||||
| 3. | หนังสือทั่วไป | WI113 บ639ค 2538 | On Shelf ขอยืม | ||||||
| 4. | หนังสือทั่วไป | WI113 บ639ค 2538 | On Shelf ขอยืม | ||||||
| 5. | หนังสือทั่วไป | WI113 บ639ค 2538 | On Shelf ขอยืม | ||||||
| 6. | หนังสือทั่วไป | WI113 บ639ค 2538 | On Shelf ขอยืม | ||||||
| 7. | หนังสือทั่วไป | WI113 บ639ค 2538 | On Shelf ขอยืม | ||||||
| [แสดง 7/7 รายการ] | |||||||||
| รายการใกล้เคียง ผู้แต่ง [บุปผา ขันแข็ง] |
BibComment |
| คอมเมนท์ทรัพยากรรายการนี้ |
|
|